| 000 | 00785cac a22002051u 4500 | ||
|---|---|---|---|
| 090 | _c164 | ||
| 008 | 081103t1998 xxu||||| |||| 00| 0 eng d | ||
| 010 | _a 97032762 | ||
| 020 | _a0137519753 | ||
| 082 | 0 | 0 |
_a004/.01/9 _bF2632 |
| 100 | _aFaulkner, Christine, | ||
| 245 | 1 | 4 |
_aThe essence of human-computer interaction / _cChristine Faulkner. |
| 246 | 3 | _aHuman-computer interaction | |
| 260 |
_aHarlow, England ; _aNew York : _bPrentice Hall, _c1998. |
||
| 300 |
_axvi, 196 p. : _bill. ; _c23 cm. |
||
| 440 | 0 | _aEssence of computing series | |
| 650 | 0 | _aHuman-computer interaction. | |
| 942 |
_cBB _k004.019F2632 _2ddc |
||
| 999 |
_c164 _d164 |
||